An introduction to the history of the revolt of the American colonies : being a comprehensive view of its origin, derived from the state papers contained in the public offices of Great Britain /cby George Chalmers.

Bibliographic Details
Main Author: Chalmers, George, 1742-1825
Format: Book
Language:English
Published: Boston : J. Munroe, 1845
Subjects:

MARC

Tag First Indicator Second Indicator Subfields
LEADER 00000cam a2200000 i 4500
001 in00000097898
005 20150925115222.0
008 780817r19771845kyu bb 00010 eng d
035 |a (OCoLC)04149157 
035 |9 AAL3093AM 
040 |a DLC  |c RRR  |d RRR  |d TXA  |d UtOrBLW 
043 |a n-us--- 
049 |a TXAI  |v 1-2 
099 |a fiche  |a C  |a 1947 
100 1 |a Chalmers, George,  |d 1742-1825. 
245 1 3 |a An introduction to the history of the revolt of the American colonies :  |b being a comprehensive view of its origin, derived from the state papers contained in the public offices of Great Britain /cby George Chalmers. 
264 1 |a Boston :  |b J. Munroe,  |c 1845 
264 4 |c ©1844 
300 |a 2 volumes ;  |c 24 cm. 
336 |a text  |b txt  |2 rdacontent 
337 |a microform  |b h  |2 rdamedia 
338 |a microfiche  |b he  |2 rdacarrier 
500 |a Volume 1 appeared in 1782 and was suppressed. The present edition reprints that volume and gives the remaining contents of the original manuscripts. cf. Pref. 
500 |a Microfiche. Louisville, Ky. : Lost Cause Press, 1977. -- 11 sheets ; 10.5 x 14.8 cm. -- (Sabin, Joseph, 1821-1881. [Bibliotheca Americana] Selected Americana. [Microfiche edition]) -- (Fiche book). 
500 |a "Sabin: 11762." 
500 |a "Copied from the original in the Library of Congress." 
504 |a Includes bibliographical references. 
500 |a Microform. 
651 0 |a United States  |x History  |y Colonial period, ca. 1600-1775. 
651 0 |a United States  |x Politics and government. 
999 |a MARS 
999 f f |s 0c883575-5169-3e01-9c9a-c01951e0fe5c  |i 6bcba148-6f1b-3ca9-86cf-35d12a64c784  |t 0 
952 f f |p normal  |a Texas A&M University  |b College Station  |c Sterling C. Evans Library  |d Evans: Microforms (3rd floor)  |t 0  |e fiche C 1947  |h Other scheme  |i microform -- microfiche  |k v.2  |m A14820791783 
952 f f |p normal  |a Texas A&M University  |b College Station  |c Sterling C. Evans Library  |d Evans: Microforms (3rd floor)  |t 0  |e fiche C 1947  |h Other scheme  |i microform -- microfiche  |k v.1  |m A14820791733 
998 f f |a fiche C 1947  |s v.1-v.2  |t 0  |l Evans: Microforms (3rd floor)